000 00207nam a2200097Ia 4500
008 240331s9999 xx 000 0 und d
082 _a303.6
_bSOM
100 _aMIRJE
245 0 _aSomeone lse's war
942 _cL
999 _c1293
_d1293